000 00819nam a22002177a 4500
999 _c18294
_d18294
003 AR-CdUCM
008 190513b ||||| |||| 00| 0 spa d
040 _aMUNICIPALIDAD PROVINCIAL DEL CUSCO
_cBIBLIOTECA MUNICIPAL DEL CUSCO
082 _a194.5 /
_bM19
100 _aMalherman
_938803
245 _aEl placer y el dolor :
_bEstudio de las relaciones que existe entre la crueldad y las sensaciones voluptuosas /
260 _aParís :
_bRue des Saints Péres,
300 _a239 páginas ;
_c19 cm.
505 _aContenido : Crueldades morales -- Los celos -- La locura conquistadora -- La humillación infligida ...
650 _aPsicología
_91538
650 _aDolor
_91642
650 _aPlacer
_936937
700 _aSalanova, Benjamín (Traducción)
_938804
942 _2ddc
_cLIBROS
945 _arah
_d2019/05/13